Elementos de gramática Quichua o, idioma de los Yncas. Bajo los auspicios de La Redentora, Sociedad de Filántropos para mejorar la suerte de los aborígenes peruanos.
Na minha lista:
| Autor principal: | |
|---|---|
| Formato: | Livro |
| Idioma: | espanhol quíchua |
| Publicado em: |
Cusco, Perú
Watson & Hazell
1874
|
| Assuntos: | |
| Tags: |
Adicionar Tag
Sem tags, seja o primeiro a adicionar uma tag!
|
MARC
| LEADER | 00000nam a2200000 a 4500 | ||
|---|---|---|---|
| 001 | UCJ7354 | ||
| 003 | CL-VaPUC | ||
| 005 | 20241105100622.0 | ||
| 008 | 070124e18740000PE |||||||||||||||||spa|d | ||
| 999 | |c 323446 |d 323444 | ||
| 040 | |c Pontificia Universidad Católica de Valparaíso | ||
| 041 | 0 | 7 | |a spa |2 CL-VaPUC |
| 041 | 0 | 7 | |a que |2 CL-VaPUC |
| 082 | 0 | 4 | |a 498 FER 1874 |2 21 |
| 100 | 0 | |a Fernández Nodal, José |9 513651 | |
| 245 | 1 | 0 | |a Elementos de gramática Quichua o, idioma de los Yncas. Bajo los auspicios de La Redentora, Sociedad de Filántropos para mejorar la suerte de los aborígenes peruanos. |
| 260 | 0 | 3 | |a Cusco, Perú |b Watson & Hazell |c 1874 |
| 300 | |a 445 páginas. | ||
| 500 | |a Gran viñeta, Escudo de la ciudad de El Cuzco. 8§, media pasta.- Anteport.- v.: Pié de imprenta en Europa y en América.- Port.- v.: Obras del autor.- Un libro curioso, politemático, interesante, que supera en mucho lo ofrecido por el título.- Advierte errata | ||
| 583 | |a last modification |c 20190801 10:16:43 |k Rodrigo Vera | ||
| 650 | 7 | |a LENGUA QUECHUA |2 CL-VaPUC |9 461489 | |
| 650 | 7 | |a GRAMATICA QUICHUA |2 CL-VaPUC |9 515685 | |
| 650 | 0 | |a Ilustraciones |9 369481 | |
| 650 | 7 | |a DOCUMENTOS |2 CL-VaPUC |9 366450 | |
| 650 | 0 | |a Antología poética |9 504960 | |
| 650 | 0 | |a Métrica |9 378367 | |
| 650 | 0 | |a Prosodia |9 334439 | |
| 650 | 0 | |a Química |9 259896 | |
| 650 | 0 | |a Geometría |9 264063 | |
| 650 | 0 | |a Criptografía |9 271217 | |
| 650 | 0 | |a Abreviaturas |9 372318 | |
| 650 | 7 | |a DESCRIPCION BIBLIOFILICA |2 CL-VaPUC |9 504580 | |
| 650 | 7 | |a DEDICATORIA AUTOGRAFA |2 CL-VaPUC |9 504503 | |
| 650 | 7 | |a BIBLIOGRAFIA |2 CL-VaPUC |9 256175 | |
| 942 | |c BK |2 ddc | ||
| 945 | |d 20070124 00:00:00 |a rinostro | ||
| 952 | |0 0 |1 0 |2 ddc |4 0 |6 498_000000000000000_FER_1874 |7 0 |8 X |9 403026 |a FDOBUD |b FDOBUD |d 2019-11-22 |i 106200K |o 498 FER 1874 |p 106200K |r 2019-11-22 |t 1 |w 2019-11-22 |y BK_X |k BUD | ||